Managing disaster : strategies and policy perspectives /

Bibliographic Details
Other Authors: Comfort, Louise K. (Louise Kloos), 1935-
Format: Book
Language:English
Published: Durham : Duke University Press, 1988.
Series:Duke Press policy studies.
Subjects:

MARC

Tag First Indicator Second Indicator Subfields
LEADER 00000cam a2200000 a 4500
001 in00000028065
005 20151007055950.0
008 870714s1988 ncua b 00100 eng
010 |a  87020049  
020 |a 0822308002 (alk. paper) 
020 |a 0822308169 (pbk.) 
035 |a (OCoLC)16356845 
035 |9 AAB9754AM 
040 |a DLC  |c DLC  |d TXA  |d UtOrBLW 
043 |a n-us--- 
049 |a TXAM  |c [A10938707] 
050 0 0 |a HV555.U6  |b M35 1988 
082 0 |a 363.3/48/0973  |2 19 
245 0 0 |a Managing disaster :  |b strategies and policy perspectives /  |c edited by Louise K. Comfort. 
264 1 |a Durham :  |b Duke University Press,  |c 1988. 
300 |a xii, 420 pages :  |b illustrations ;  |c 25 cm. 
336 |a text  |b txt  |2 rdacontent 
337 |a unmediated  |b n  |2 rdamedia 
338 |a volume  |b nc  |2 rdacarrier 
490 1 |a Duke Press policy studies 
504 |a Bibliography: pages [386]-405. 
500 |a Includes index. 
500 |a Title page missing from second copy. 
650 0 |a Emergency management. 
650 0 |a Disaster relief  |z United States  |x Management. 
650 0 |a Disaster relief  |x Government policy  |z United States. 
700 1 |a Comfort, Louise K.  |q (Louise Kloos),  |d 1935- 
830 0 |a Duke Press policy studies. 
999 |a MARS 
999 f f |s c2453351-8e2c-3b18-94ec-49101629c829  |i faf0ef37-9f04-30c0-be10-cffba4a118a6  |t 0 
952 f f |p ric  |a Texas A&M University  |b Rellis Campus  |c Joint Library Facility  |d Remote Storage  |t 0  |e HV555.U6 M35 1988  |h Library of Congress classification  |i unmediated -- volume  |m A14810938707 
998 f f |a HV555.U6 M35 1988  |t 0  |l Remote Storage